000 02421cam a22005294i 4500
003 PE-LiUPU
005 20250731172955.0
008 150616s r 000 0 d
020 _a031113825X
035 _a(Sirsi) i9780311138258
040 _aPE-LiUPU
_bspa
_cPE-LiUPU
_erda
049 _aPRUA
082 0 4 _a253.7
_bG81
_221
100 1 _aGreenway, Rogelio S.,
_eautor.
245 1 4 _aUna estrategia humana para evangelizar a América Latina /
_cRogelio S. Greenway.
264 1 _aBuenos Aires :
_bCasa Bautista de Publicaciones,
_c1977.
300 _a303 páginas :
_bilustraciones ;
_c22 centímetros
336 _atext
_2rdacontent
337 _aunmediated
_2rdamedia
338 _avolume
_2rdacarrier
505 0 _aUrbanización de América Latina -- Misiología Bíblica aplicada a las ciudades de América Latina -- Papel y responsabilidad de los cristianos en las ciudades Latinoamericanas -- La estrategia urbana puesta a prueba en una ciudad Latinoamericana.
526 _aSEG42
526 _aSEG41
526 _aSEG40
526 _aSEG39
526 _aP94
526 _aP87
526 _aP86
526 _aP85
526 _aP77
526 _aP76
526 _aP35
650 1 4 _aEvangelismo
_zAmérica Latina
_xMétodología.
910 _ajck
_bjvq
_cjck
942 _2ddc
_cBOOK
949 _a253.7 G81
_wDEWEY
_c1
_i15547
_lCCODEBUL1
_mBUL
_r0
_sY
_tBOOK
_u2015-6-16
_xTEOLOGIA
_zUNKNOWN
_0COMPRA
_o.STAFF. Colección General
949 _a253.7 G81
_wDEWEY
_c2
_i15549
_lCCODEBUL1
_mBUL
_r0
_sY
_tBOOK
_u2015-4-23
_xTEOLOGIA
_zUNKNOWN
_0COMPRA
_o.STAFF. Colección General
949 _a253.7 G81
_wDEWEY
_c3
_i15548
_lCCODEBUL1
_mBUL
_r0
_sY
_tBOOK
_u2015-4-23
_xTEOLOGIA
_zUNKNOWN
_0COMPRA
_o.STAFF. Colección General
994 _aC0
_bPEPRU
596 _a1
999 _a253.7 G81
_wDEWEY
_c22103
_i15547
_f2021-11-12
_g5
_lCCODEBUL1
_mBUL
_r0
_sY
_tBOOK
_u2015-6-16
_xTEOLOGIA
_zUNKNOWN
_0COMPRA
_o.STAFF. Colección General
_d22103
999 _a253.7 G81
_wDEWEY
_c2
_i15549
_f2021-11-12
_g5
_lCCODEBUL1
_mBUL
_r0
_sY
_tBOOK
_u2015-4-23
_xTEOLOGIA
_zUNKNOWN
_0COMPRA
_o.STAFF. Colección General
999 _a253.7 G81
_wDEWEY
_c3
_i15548
_f2021-11-12
_g5
_lCCODEBUL1
_mBUL
_r0
_sY
_tBOOK
_u2015-4-23
_xTEOLOGIA
_zUNKNOWN
_0COMPRA
_o.STAFF. Colección General
980 _81
_gALBERTO SANCHEZ Responsable de Automatización